000 00818pam a2200253 a 4500
001 000575540
003 AM-YeHGA
005 20250617140959.0
008 850321s1985 maua b 001 0 eng d
020 _a0674080475 (alk. paper)
040 _aAM-YeHGA
041 1 _aeng
_hfre
100 1 _aJeannerod, Marc.
240 1 0 _aCerveau-machine.
_lEnglish
245 1 4 _aThe brain machine :
_bThe development of neurophysiological thought /
_cMarc Jeannerod ; Transl. by David Urion.
260 _aCambridge, Mass. :
_bHarvard University Press,
_c1985.
300 _avi, 171 p. :
_bill. ;
_c24 cm.
500 _aTranslation of: Le cerveau-machine.
500 _aIncludes index.
504 _aBibliogr.: p. 149-168.
650 0 _aBrain
_xResearch
_xHistory.
650 0 _aNeurophysiology
_xHistory.
090 _c231871
999 _c230317
_d230317